[Event "RUS-chT Premier 2019"]
[Site "Sochi"]
[Date "2019.05.04"]
[Round "4.10"]
[White "Bocharov, Dmitry"]
[Black "Oparin, Grigoriy"]
[Result "1/2-1/2"]
[WhiteElo "2530"]
[BlackElo "2624"]
[Annotator "RC"]
[PlyCount "164"]
[EventDate "2019.04.30"]
[EventType "team-tourn"]
[EventCountry "RUS"]
[SourceTitle "playchess.com"]
[Source "ChessBase"]
[SourceQuality "1"]
[TimeControl "40/5400+30:1800+30"]

1. d4 {[%emt 0:00:00]} Nf6 {[%emt 0:00:00]} 2. c4 {[%emt 0:00:00]} e6 {[%emt 0:00:00]} 3. Nf3 {[%emt 0:00:41]} Bb4+ {[%emt 0:00:01]} 4. Bd2 {[%emt 0:02:37]} a5 {[%emt 0:00:10]} 5. Nc3 {[%emt 0:02:53]} b6 {[%emt 0:00:25]} 6. e3 {[%emt 0:00:42]} Bxc3 {[%emt 0:00:37]} 7. Bxc3 {[%emt 0:00:25]} Ne4 {[%emt 0:00:04]} 8. Rc1 {[%emt 0:09:18]} Bb7 {[%emt 0:00:37]} 9. Bd3 {[%emt 0:00:15]} d6 {[%emt 0:01:11]} 10. O-O {[%emt 0:00:15]} Nxc3 {[%emt 0:08:39]} 11. Rxc3 {[%emt 0:00:30]} Nd7 {[%emt 0:00:06]} 12. e4 {[%emt 0:03:51]} O-O {[%emt 0:01:02]} 13. Bc2 {[%emt 0:03:59]} Qe7 {[%emt 0:09:14]} 14. Re1 {[%emt 0:01:14]} e5 {[%emt 0:02:07]} 15. b3 {[%emt 0:11:21]} c5 {[%emt 0:12:56]} 16. d5 {[%emt 0:01:14]} g6 {[%emt 0:00:22]} 17. g3 {[%emt 0:04:18]} Nf6 {[%emt 0:07:50]} 18. Qd2 {[%emt 0:12:20]} Bc8 {[%emt 0:02:33]} 19. Nh4 {[%emt 0:05:39]} Bd7 {[%emt 0:02:53]} 20. Bd3 {[%emt 0:08:49]} Nh5 {[%emt 0:02:42]} 21. Qh6 {[%emt 0:09:15]} Ng7 {[%emt 0:12:23]} 22. Rcc1 {[%emt 0:05:38]} Rae8 {[%emt 0:05:30]} 23. a3 {[%emt 0:09:27]} f5 {[%emt 0:02:22]} 24. f4 {[%emt 0:03:11]} fxe4 {[%emt 0:13:42]} 25. Bxe4 {[%emt 0:00:15]} Bg4 {[%emt 0:00:31]} 26. h3 {[%emt 0:03:26]} Bd7 {[%emt 0:07:25]} 27. Kg2 {[%emt 0:01:13]} Qf6 {[%emt 0:05:01]} 28. Nf3 {[%emt 0:00:14]} Nh5 {[%emt 0:00:27]} 29. Ng5 {[%emt 0:00:47]} Re7 {[%emt 0:00:08]} 30. Bf3 {[%emt 0:00:14]} Nxg3 {[%emt 0:00:47]} 31. fxe5 {[%emt 0:00:49]} Qf4 {[%emt 0:00:46]} 32. exd6 {[%emt 0:00:17]} Nf5 {[%emt 0:01:02]} 33. dxe7 {[%emt 0:00:27]} Nxh6 {[%emt 0:01:49]} 34. exf8=Q+ {[%emt 0:00:17]} Kxf8 {[%emt 0:00:05]} 35. Ne6+ {[%emt 0:00:57]} Bxe6 {[%emt 0:00:03]} 36. dxe6 {[%emt 0:00:05]} Nf5 {[%emt 0:00:59]} 37. e7+ {[%emt 0:00:21]} Nxe7 {[%emt 0:00:14]} 38. Bg4 {[%emt 0:00:35]} Qd2+ {[%emt 0:01:01]} 39. Kh1 {[%emt 0:00:22]} Nf5 {[%emt 0:01:02]} 40. Rf1 {[%emt 0:00:00]} Kg7 {[%emt 0:00:00]} 41. Bxf5 {[%emt 0:02:21]} gxf5 {[%emt 0:01:10]} 42. Rcd1 {[%emt 0:06:58]} Qc3 {[%emt 0:02:50]} 43. Rd7+ {[%emt 0:06:39]} Kf6 {[%emt 0:01:51]} 44. Rxh7 {[%emt 0:01:04]} a4 {[%emt 0:01:45]} 45. bxa4 {[%emt 0:02:22]} Qxc4 {[%emt 0:00:13]} 46. Rg1 {[%emt 0:02:48]} Qe4+ {[%emt 0:04:55]} 47. Rg2 {[%emt 0:01:40]} c4 {[%emt 0:03:55]} 48. Rh6+ {[%emt 0:01:51]} Ke7 {[%emt 0:00:42]} 49. Rxb6 {[%emt 0:01:34]} c3 {[%emt 0:01:12]} 50. Rb4 {[%emt 0:00:54]} Qd5 {[%emt 0:07:55]} 51. Rb1 {[%emt 0:02:23]} c2 {[%emt 0:00:09]} 52. Re1+ {[%emt 0:01:54]} Kd7 {[%emt 0:02:34]} 53. a5 {[%emt 0:02:37]} Qd1 {[%emt 0:01:30]} 54. Rgg1 {[%emt 0:00:28]} Qf3+ {[%emt 0:00:15]} 55. Kh2 {[%emt 0:00:54]} Qf2+ {[%emt 0:00:04]} 56. Kh1 {[%emt 0:00:08]} Kc6 {[%emt 0:02:02]} 57. Rgf1 {[%emt 0:01:43]} Qg3 {[%emt 0:00:50]} 58. Rc1 {[%emt 0:00:48]} Qxh3+ {[%emt 0:00:15]} 59. Kg1 {[%emt 0:00:01]} Qg3+ {[%emt 0:00:45]} 60. Kh1 {[%emt 0:00:02]} Qd3 {[%emt 0:01:17]} 61. Kg2 {[%emt 0:00:42]} Qd2+ {[%emt 0:00:39]} 62. Kg3 {[%emt 0:00:15]} Kb7 {[%emt 0:00:25]} 63. a4 {[%emt 0:01:56]} Ka6 {[%emt 0:00:16]} 64. Ra1 {[%emt 0:00:05]} Qe3+ {[%emt 0:00:42]} 65. Kh4 {[%emt 0:00:22]} Qh6+ {[%emt 0:01:56]} 66. Kg3 {[%emt 0:00:07]} Qd2 {[%emt 0:00:11]} 67. Kh4 {[%emt 0:00:30]} Qe3 {[%emt 0:01:46]} 68. Kh5 {[%emt 0:01:00]} f4 {[%emt 0:02:09]} 69. Kg4 {[%emt 0:00:39]} f3 {[%emt 0:00:21]} 70. Rae1 {[%emt 0:00:22]} Qc3 {[%emt 0:00:38]} 71. Kg3 {[%emt 0:00:24]} Kxa5 {[%emt 0:00:24]} 72. Ra1 {[%emt 0:00:33]} Qe3 {[%emt 0:00:39]} 73. Rfe1 {[%emt 0:00:19]} Qd3 {[%emt 0:00:39]} 74. Kf2 {[%emt 0:00:18]} Qc3 {[%emt 0:00:27]} 75. Rh1 {[%emt 0:00:37]} Qf6 {[%emt 0:00:27]} 76. Rhe1 {[%emt 0:00:48]} Qf4 {[%emt 0:00:26]} 77. Rh1 {[%emt 0:00:32]} Qg4 {[%emt 0:00:39]} 78. Rhg1 {[%emt 0:00:17]} Qe4 {[%emt 0:00:12]} 79. Rge1 {[%emt 0:00:09]} Qd5 {[%emt 0:00:43]} 80. Ke3 {[%emt 0:00:19]} Qf5 {[%emt 0:00:29]} 81. Kf2 {[%emt 0:00:36]} Qf4 {[%emt 0:00:35]} 82. Rh1 {[%emt 0:00:29]} Qg4 {[%emt 0:00:32]} 1/2-1/2

[Event "RUS-chT Premier 2019"]
[Site "Sochi"]
[Date "2019.05.04"]
[Round "4.11"]
[White "Predke, Alexandr"]
[Black "Kezin, Roman"]
[Result "1/2-1/2"]
[WhiteElo "2626"]
[BlackElo "2468"]
[Annotator "TA"]
[PlyCount "154"]
[EventDate "2019.04.30"]
[EventType "team-tourn"]
[EventCountry "RUS"]
[SourceTitle "playchess.com"]
[Source "ChessBase"]
[SourceQuality "1"]

{[%evp 16,154,34,39,25,18,48,30,22,20,17,14,72,69,64,30,35,26,26,31,37,18,18,16,44,30,33,26,28,-14,-16,-8,0,-3,8,5,17,17,16,16,8,15,27,29,39,31,55,54,55,37,27,21,35,26,25,0,15,0,0,-34,-27,-42,-14,-50,0,0,0,0,0,0,0,0,0,0,0,0,0,0,0,0,0,0,0,0,0,0,0,0,0,0,27,25,26,31,27,28,18,37,36,0,0,0,0,0,0,0,18,18,18,18,18,11,19,22,46,39,58,58,58,22,22,22,51,46,58,0,0,0,0,0,0,0,0,0,0,0,0,0,0,0,0]} 1. e4 c5 2. Nf3 e6 3. d4 cxd4 4. Nxd4 Nc6 5. Nc3 Qc7 6. Be3 a6 7. a3 b5 8. Nxc6 Qxc6 9. Be2 Bb7 {B49: Sicilian: Taimanov: 5 Nc3 Qc7 6 Be3 a6 7 Be2} 10. O-O (10. Qd2 Be7 11. O-O Bf6 12. Bd4 Qd6 13. Rfd1 Qxd4 14. Qxd4 Bxd4 15. Rxd4 Ne7 16. Rad1 Bc6 17. f3 {0-1 (44) Schroeder,J (2571)-Rapport,R (2726) Germany 2019}) 10... Rc8 11. Qd3 Nf6 {[%cal Rf6e4] White has an edge.} 12. Rfd1 Bc5 13. Bg5 (13. Bf4 {feels hotter.} Qb6 14. Qf3 Be7 15. Be5 d6 16. Bd4) 13... Be7 $146 (13... Qc7 $11 {keeps the balance.}) ({Predecessor:} 13... h6 14. Bxf6 gxf6 15. Rd2 Rg8 16. Rad1 Rd8 17. Bf3 Rg5 18. Kh1 Qc7 19. b4 Be7 20. Qd4 Qe5 21. Qa7 Bc6 22. Qe3 a5 23. Rd4 f5 24. g3 {½-½ (24) Sheppard,B (2376)-Witzschel,P (2378) ICCF email 2011}) 14. Qg3 $16 d6 15. Bf3 {Black must now prevent e5.} Qc7 16. Bf4 {[%cal Rf4d6]} e5 $1 {[%cal Re5f4]} 17. Bg5 O-O 18. Rd2 (18. Rd3 {with more complications.} Rcd8 19. Bh6 Ne8 20. Rad1 Kh8 21. Bg5) 18... Rfd8 19. Rad1 Kh8 20. Bxf6 Bxf6 21. Bg4 Rb8 22. Qd3 Bg5 23. Re2 Qc4 24. Nd5 Bxd5 (24... g6 {looks sharper.} 25. c3 a5 26. Qc2 Qa4 27. Qxa4 bxa4 28. Rc2 h5) 25. Qxd5 Qxd5 26. Rxd5 b4 27. a4 Rb6 28. g3 Bc1 29. b3 Rc6 30. Re1 Rxc2 31. Be2 Bd2 32. Rf1 Bc3 33. Bxa6 Bd4 34. Rb5 Bc5 35. Bb7 g6 36. g4 Rb8 37. a5 Ra2 38. a6 Kg7 39. Kh1 Kf6 (39... Bxf2 40. Rxf2 $1 {[%mdl 512]} Rxf2 41. a7 $16) 40. h4 h6 ({Don't play} 40... Rxf2 $6 41. Rxf2+ Bxf2 42. Rxb4 $16) 41. Rd1 Ke7 ({Reject} 41... Rxf2 $6 42. Ra5 $16) (41... Bxf2 $6 42. Rf1 $16) 42. Rf1 Rf8 ({Wrong is} 42... Bxf2 $2 {[#]} 43. Rxf2 $1 {[%mdl 512]} Rxf2 44. a7 $18) 43. Rg1 Bxf2 44. Rf1 Bc5 45. Bd5 Rxa6 46. Rb7+ Kd8 47. Rb8+ Ke7 48. Rxf8 Kxf8 49. Rxf7+ $11 {[%mdl 4096] Endgame KRB-KRB} Ke8 50. Rf6 Ra1+ 51. Kh2 Ra2+ 52. Kg3 Be3 53. Rxg6 Bf4+ 54. Kf3 Rc2 55. g5 h5 $1 56. Bc4 Rc3+ 57. Kf2 Bg3+ 58. Ke2 Bxh4 59. Rg8+ Ke7 60. Rg7+ Ke8 61. g6 {Threatens to win with Rf7.} Rg3 62. Rh7 {g7 is the strong threat.} Bf6 63. Bf7+ Kf8 64. Rxh5 d5 65. Bxd5 Rxg6 66. Kd3 Rg5 67. Rh6 Kg7 68. Rh3 Rg6 69. Rf3 Bh4 70. Kc4 (70. Rf5 $14) 70... Be1 {The position is equal.} 71. Rf7+ Kh6 72. Re7 Bc3 73. Rf7 Kg5 74. Rf5+ Kg4 75. Kd3 Rh6 76. Rf8 Rh3+ 77. Kc4 {And now Be6+ would win.} Rh6 {Accuracy: White = 61%, Black = 66%.} 1/2-1/2

[Event "RUS-chT Premier 2019"]
[Site "Sochi"]
[Date "2019.05.04"]
[Round "4.12"]
[White "Murzin, Volodar"]
[Black "Khismatullin, Denis"]
[Result "1/2-1/2"]
[WhiteElo "2407"]
[BlackElo "2619"]
[Annotator "RC"]
[PlyCount "212"]
[EventDate "2019.04.30"]
[EventType "team-tourn"]
[EventCountry "RUS"]
[SourceTitle "playchess.com"]
[Source "ChessBase"]
[SourceQuality "1"]
[TimeControl "40/5400+30:1800+30"]

1. e4 {[%emt 0:00:00]} d6 {[%emt 0:01:00]} 2. d4 {[%emt 0:00:00]} Nf6 {[%emt 0:00:05]} 3. Nc3 {[%emt 0:00:00]} c6 {[%emt 0:00:12]} 4. Nf3 {[%emt 0:00:59]} Bg4 {[%emt 0:00:07]} 5. Be2 {[%emt 0:08:57]} e6 {[%emt 0:03:53]} 6. h3 {[%emt 0:01:12]} Bh5 {[%emt 0:00:12]} 7. O-O {[%emt 0:00:00]} Bg6 {[%emt 0:07:05]} 8. e5 {[%emt 0:12:23]} Nd5 {[%emt 0:01:39]} 9. Nxd5 {[%emt 0:01:31]} cxd5 {[%emt 0:02:34]} 10. c3 {[%emt 0:00:40]} Nc6 {[%emt 0:02:15]} 11. Bf4 {[%emt 0:02:15]} Be7 {[%emt 0:00:53]} 12. exd6 {[%emt 0:11:07]} Bxd6 {[%emt 0:00:31]} 13. Ne5 {[%emt 0:05:19]} O-O {[%emt 0:09:13]} 14. Nxg6 {[%emt 0:02:58]} hxg6 {[%emt 0:01:14]} 15. Bxd6 {[%emt 0:00:17]} Qxd6 {[%emt 0:00:06]} 16. Bd3 {[%emt 0:00:22]} Rab8 {[%emt 0:07:10]} 17. Qe2 {[%emt 0:05:25]} a6 {[%emt 0:05:08]} 18. a4 {[%emt 0:03:55]} Rfc8 {[%emt 0:06:03]} 19. f4 {[%emt 0:02:25]} Ne7 {[%emt 0:07:42]} 20. Rf2 {[%emt 0:05:36]} Rc6 {[%emt 0:04:06]} 21. g4 {[%emt 0:10:38]} Qc7 {[%emt 0:10:43]} 22. Ra2 {[%emt 0:05:11]} Nc8 {[%emt 0:09:39]} 23. Kg2 {[%emt 0:07:03]} Nd6 {[%emt 0:00:22]} 24. a5 {[%emt 0:00:23]} Rd8 {[%emt 0:08:09]} 25. Ra1 {[%emt 0:01:02]} Nc4 {[%emt 0:01:08]} 26. h4 {[%emt 0:01:31]} Nxa5 {[%emt 0:00:58]} 27. h5 {[%emt 0:05:39]} gxh5 {[%emt 0:03:10]} 28. gxh5 {[%emt 0:00:07]} Nc4 {[%emt 0:00:31]} 29. Kh1 {[%emt 0:01:24]} Kf8 {[%emt 0:04:10]} 30. Rg1 {[%emt 0:00:52]} Qe7 {[%emt 0:00:33]} 31. Qg4 {[%emt 0:04:59]} Qf6 {[%emt 0:00:44]} 32. Rfg2 {[%emt 0:00:41]} Ke7 {[%emt 0:03:07]} 33. Qxg7 {[%emt 0:00:41]} Qxg7 {[%emt 0:01:31]} 34. Rxg7 {[%emt 0:00:01]} Nxb2 {[%emt 0:00:25]} 35. Bg6 {[%emt 0:00:02]} Rf8 {[%emt 0:00:38]} 36. h6 {[%emt 0:00:39]} Rcc8 {[%emt 0:00:29]} 37. h7 {[%emt 0:01:04]} Nc4 {[%emt 0:00:30]} 38. Bh5 {[%emt 0:00:13]} Rh8 {[%emt 0:00:32]} 39. Rxf7+ {[%emt 0:01:00]} Kd6 {[%emt 0:00:00]} 40. Rxb7 {[%emt 0:00:00]} Na5 {[%emt 0:00:00]} 41. Rf7 {[%emt 0:05:25]} Nc4 {[%emt 0:07:12]} 42. f5 {[%emt 0:03:15]} Ne3 {[%emt 0:09:11]} 43. Rg6 {[%emt 0:08:10]} Nxf5 {[%emt 0:04:04]} 44. Rxf5 {[%emt 0:00:05]} Rxh7 {[%emt 0:00:10]} 45. Re5 {[%emt 0:01:24]} Rch8 {[%emt 0:03:40]} 46. Rgg5 {[%emt 0:00:05]} a5 {[%emt 0:03:28]} 47. Kg2 {[%emt 0:00:27]} a4 {[%emt 0:00:47]} 48. Bg4 {[%emt 0:00:10]} Rh6 {[%emt 0:02:26]} 49. Rh5 {[%emt 0:08:36]} Rxh5 {[%emt 0:00:53]} 50. Bxh5 {[%emt 0:00:55]} a3 {[%emt 0:03:53]} 51. Bg4 {[%emt 0:00:27]} Re8 {[%emt 0:00:13]} 52. Re2 {[%emt 0:00:23]} e5 {[%emt 0:00:36]} 53. dxe5+ {[%emt 0:00:57]} Rxe5 {[%emt 0:00:12]} 54. Ra2 {[%emt 0:00:09]} d4 {[%emt 0:00:48]} 55. Rxa3 {[%emt 0:00:43]} dxc3 {[%emt 0:00:08]} 56. Rxc3 {[%emt 0:00:04]} Rc5 {[%emt 0:00:14]} 57. Ra3 {[%emt 0:00:14]} Ke5 {[%emt 0:00:24]} 58. Ra4 {[%emt 0:00:21]} Rc2+ {[%emt 0:00:21]} 59. Kg3 {[%emt 0:00:08]} Rc3+ {[%emt 0:00:09]} 60. Bf3 {[%emt 0:00:07]} Re3 {[%emt 0:00:14]} 61. Ra5+ {[%emt 0:00:16]} Kd6 {[%emt 0:00:34]} 62. Kf4 {[%emt 0:00:12]} Re1 {[%emt 0:00:05]} 63. Ra6+ {[%emt 0:00:06]} Ke7 {[%emt 0:00:15]} 64. Be4 {[%emt 0:00:05]} Re2 {[%emt 0:00:21]} 65. Ke5 {[%emt 0:00:05]} Re1 {[%emt 0:00:11]} 66. Ra7+ {[%emt 0:00:06]} Ke8 {[%emt 0:00:05]} 67. Kf5 {[%emt 0:00:17]} Kd8 {[%emt 0:00:10]} 68. Bd5 {[%emt 0:00:26]} Re7 {[%emt 0:01:05]} 69. Ra6 {[%emt 0:00:30]} Re1 {[%emt 0:00:50]} 70. Be4 {[%emt 0:00:12]} Kd7 {[%emt 0:01:45]} 71. Ke5 {[%emt 0:00:08]} Ke7 {[%emt 0:00:16]} 72. Ra7+ {[%emt 0:00:10]} Ke8 {[%emt 0:00:06]} 73. Rh7 {[%emt 0:01:00]} Re2 {[%emt 0:00:18]} 74. Kd5 {[%emt 0:00:17]} Kf8 {[%emt 0:00:21]} 75. Bf5 {[%emt 0:00:29]} Re7 {[%emt 0:00:09]} 76. Rh1 {[%emt 0:00:04]} Re2 {[%emt 0:00:14]} 77. Be6 {[%emt 0:00:16]} Ke7 {[%emt 0:00:26]} 78. Rh7+ {[%emt 0:00:03]} Kf6 {[%emt 0:00:11]} 79. Rf7+ {[%emt 0:00:05]} Kg5 {[%emt 0:00:09]} 80. Bf5 {[%emt 0:00:08]} Ra2 {[%emt 0:00:21]} 81. Be4 {[%emt 0:00:16]} Ra5+ {[%emt 0:00:54]} 82. Kd4 {[%emt 0:00:04]} Ra4+ {[%emt 0:01:29]} 83. Ke5 {[%emt 0:00:04]} Ra5+ {[%emt 0:00:05]} 84. Bd5 {[%emt 0:00:05]} Kh5 {[%emt 0:00:14]} 85. Rg7 {[%emt 0:00:15]} Kh6 {[%emt 0:00:17]} 86. Rg1 {[%emt 0:00:18]} Kh5 {[%emt 0:00:03]} 87. Ke6 {[%emt 0:00:31]} Kh4 {[%emt 0:00:06]} 88. Be4 {[%emt 0:00:14]} Rg5 {[%emt 0:00:06]} 89. Rh1+ {[%emt 0:00:04]} Kg3 {[%emt 0:00:15]} 90. Bf5 {[%emt 0:00:04]} Kf4 {[%emt 0:00:17]} 91. Rh4+ {[%emt 0:00:18]} Kf3 {[%emt 0:00:42]} 92. Ke5 {[%emt 0:00:04]} Rg8 {[%emt 0:00:22]} 93. Rh3+ {[%emt 0:00:04]} Ke2 {[%emt 0:00:31]} 94. Kf4 {[%emt 0:00:19]} Rf8 {[%emt 0:01:44]} 95. Rh2+ {[%emt 0:00:06]} Kd1 {[%emt 0:00:06]} 96. Ra2 {[%emt 0:00:46]} Rf7 {[%emt 0:01:04]} 97. Ke4 {[%emt 0:00:12]} Rf8 {[%emt 0:02:09]} 98. Kd3 {[%emt 0:00:08]} Ke1 {[%emt 0:02:13]} 99. Ke3 {[%emt 0:00:08]} Kf1 {[%emt 0:00:53]} 100. Be4 {[%emt 0:00:24]} Kg1 {[%emt 0:00:27]} 101. Rg2+ {[%emt 0:00:05]} Kf1 {[%emt 0:00:05]} 102. Rh2 {[%emt 0:00:14]} Rg8 {[%emt 0:00:57]} 103. Ra2 {[%emt 0:00:11]} Kg1 {[%emt 0:00:21]} 104. Ra1+ {[%emt 0:00:06]} Kh2 {[%emt 0:00:07]} 105. Rh1+ {[%emt 0:00:03]} Kg3 {[%emt 0:00:07]} 106. Rg1+ {[%emt 0:00:02]} Kh4 1/2-1/2

[Event "RUS-chT Premier 2019"]
[Site "Sochi"]
[Date "2019.05.04"]
[Round "4.13"]
[White "Vitiugov, Nikita"]
[Black "Artemiev, Vladislav"]
[Result "1/2-1/2"]
[WhiteElo "2734"]
[BlackElo "2754"]
[Annotator "TA"]
[PlyCount "81"]
[EventDate "2019.04.30"]
[EventType "team-tourn"]
[EventCountry "RUS"]
[SourceTitle "playchess.com"]
[Source "ChessBase"]
[SourceQuality "1"]

{[%evp 19,81,26,39,24,32,27,37,35,44,25,30,31,30,31,38,29,25,35,38,35,34,35,29,22,21,19,25,20,16,8,30,0,43,26,62,55,66,57,63,57,64,73,70,65,84,0,29,17,3,4,14,0,0,0,0,0,-8,-32,0,-18,0,0,0,0]} 1. e4 c5 2. Nf3 d6 3. d4 cxd4 4. Nxd4 Nf6 5. Nc3 a6 6. g3 g6 7. Bg2 Bg7 8. O-O O-O 9. h3 Nc6 10. Be3 Bd7 11. Nde2 {B91: Sicilian Najdorf: 6 g3} b5 (11... Rc8 12. b3 b5 13. Nd5 Be6 14. Qd2 Ne5 15. f4 Ned7 16. Nd4 Nc5 17. Nxe6 Nxe6 18. Rac1 Nc5 19. Nxf6+ Bxf6 {½-½ (98) Grischuk,A (2767)-Nepomniachtchi,I (2751) Moscow 2018}) 12. Nd5 Rb8 13. c3 {White is slightly better.} b4 14. c4 e6 $146 ({Predecessor:} 14... Na5 15. Nxf6+ Bxf6 16. Bd4 e5 17. Be3 Nxc4 18. Bh6 Re8 {0-1 (36) Gantar,J (2164)-Plaskan,J (2224) Slovenia 2018}) 15. Nxf6+ Qxf6 16. Rb1 Ne5 17. b3 Nf3+ 18. Kh1 $1 Bc6 19. Ng1 Nxg1 20. Kxg1 Qe7 21. Qd3 Rfd8 22. Rbd1 a5 23. Rfe1 a4 24. Bd4 Ra8 25. Re2 axb3 {[#] aiming for ...Bxd4.} 26. axb3 (26. Bxg7 {is more complex.} Kxg7 27. axb3 Qa7 28. Red2 Qc5 29. g4) 26... Bxd4 27. Qxd4 e5 28. Qd2 Qb7 29. h4 h5 30. Qe3 Qa7 31. Qh6 Qa3 32. Qe3 (32. Rd3 $16) 32... Qa7 $1 $11 33. Qxa7 Rxa7 34. Red2 Ra3 $1 35. Rd3 Kg7 36. c5 Bb5 37. Rd5 Rxb3 38. cxd6 Bc6 39. Rc5 {The position is equal.} Rc3 40. Rxc3 $1 bxc3 41. Rc1 {Accuracy: White = 73%, Black = 79%.} 1/2-1/2

[Event "RUS-chT Premier 2019"]
[Site "Sochi"]
[Date "2019.05.04"]
[Round "4.14"]
[White "Kamsky, Gata"]
[Black "Dominguez Perez, Leinier"]
[Result "0-1"]
[WhiteElo "2664"]
[BlackElo "2750"]
[Annotator "TA"]
[PlyCount "75"]
[EventDate "2019.04.30"]
[EventType "team-tourn"]
[EventCountry "RUS"]
[SourceTitle "playchess.com"]
[Source "ChessBase"]
[SourceQuality "1"]

{[%evp 10,75,-6,-13,0,-5,-10,-16,-8,-24,-10,-17,-17,-21,-12,-15,-15,-27,-19,-34,-20,-23,-10,-17,-18,-29,-9,-15,-22,-14,-14,-18,-10,-19,-18,-13,-17,-10,-16,-57,-42,-54,-36,-39,-26,-45,-31,-32,-31,-127,-140,-138,-120,-214,-215,-323,-318,-272,-278,-503,-509,-509,-509,-565,-564,-555,-522,-1608]} 1. d4 Nf6 2. Nf3 d5 3. Bf4 e6 4. Nbd2 Bd6 5. Bg3 O-O 6. e3 c5 {D02: 1 d4 d5 2 Nf3 sidelines, including 2...Nf6 3 g3 and 2...Nf6 3 Bf4} 7. c3 Qc7 8. a4 $146 ({Predecessor:} 8. Bd3 Nbd7 9. Qc2 h6 10. Rd1 Bxg3 11. hxg3 e5 12. dxe5 Nxe5 13. Nxe5 Qxe5 14. Qa4 Bg4 15. Nf3 Qe6 16. O-O Rfd8 {½-½ (30) Zhou,J (2617)-Vallejo Pons,F (2694) China 2018}) 8... Nbd7 {The position is equal.} 9. Bb5 b6 10. O-O Bxg3 11. hxg3 Bb7 12. a5 Bc6 13. axb6 axb6 14. Qb3 Rfb8 (14... c4 $5 15. Qb4 $8 Bxb5 16. Qxb5 Ra5 17. Rxa5 bxa5 $15) 15. Be2 Ra7 16. Rfc1 Rba8 17. Qd1 h6 18. Rxa7 Qxa7 19. c4 Qa5 20. b3 Qb4 21. Qc2 Ra3 (21... Bb7 {looks sharper.} 22. cxd5 Bxd5 23. Bd3 cxd4 24. Nxd4 Nc5) 22. cxd5 Bxd5 23. dxc5 Nxc5 {[%cal Rd5b3]} 24. Bc4 Bxc4 ({Weaker is} 24... Nxb3 25. Bxb3 Bxb3 26. Qb1 $16) 25. Qxc4 Qxc4 26. Nxc4 Nxb3 27. Rb1 Ra2 28. Nfe5 (28. Rxb3 {gets mated.} Ra1+ 29. Rb1 Rxb1+ 30. Kh2 Ng4+ 31. Kh3 Nxf2+ 32. Kh4 Rh1+ 33. Nh2 Rxh2#) 28... b5 29. Rxb3 (29. Nd6 $15 Nd2 30. Rc1) 29... bxc4 $15 {[%mdl 4096] Endgame KRN-KRN} 30. Rb8+ Kh7 {Threatens to win with ...c3.} 31. f3 (31. Rc8 $17 {might work better.}) 31... c3 $19 {[%cal Bc4c3,Bc3c2][%mdl 32]} 32. Rc8 (32. Rb1 $142) 32... c2 {Strongly threatening ...Ra1+.} 33. Nd3 {[#]} Nd5 $1 34. Nc1 $2 (34. Kf1 {was the only chance.}) 34... Ra1 {Black is clearly winning.} 35. Rxc2 {[#]} Nb4 $1 {[%cal Rb4c2]} ({Not} 35... Nxe3 36. Rc5 $17) 36. Rc7 {White hopes to continue with Kh2.} Nd3 37. Kh2 Rxc1 38. Rxf7 {Accuracy: White = 57%, Black = 61%.} 0-1

[Event "RUS-chT Premier 2019"]
[Site "Sochi"]
[Date "2019.05.04"]
[Round "4.15"]
[White "Matlakov, Maxim"]
[Black "Timofeev, Artyom"]
[Result "1/2-1/2"]
[WhiteElo "2697"]
[BlackElo "2602"]
[Annotator "TA"]
[PlyCount "85"]
[EventDate "2019.04.30"]
[EventType "team-tourn"]
[EventCountry "RUS"]
[SourceTitle "playchess.com"]
[Source "ChessBase"]
[SourceQuality "1"]

{[%evp 11,85,26,21,8,10,17,20,0,18,16,17,14,13,17,20,16,17,18,15,16,28,20,20,4,4,4,6,2,33,25,25,29,33,8,8,4,58,58,49,38,57,57,57,57,68,62,83,89,98,81,78,68,83,78,66,64,75,64,64,56,54,50,69,27,24,26,31,11,12,12,26,18,18,18,18,18]} 1. c4 e6 2. g3 d5 3. Bg2 Nc6 4. Nf3 g6 5. d4 Bg7 6. O-O Nge7 7. cxd5 {A13: English Opening: 1...e6} (7. e3 O-O 8. Nc3 b6 9. Qe2 Ba6 10. b3 dxc4 11. Ba3 Re8 12. Rac1 Qd7 13. Rfd1 Rad8 14. bxc4 Qc8 15. Nb5 Na5 16. Nd2 {1-0 (42) Shankland,S (2671)-Rakhmanov,A (2635) Havana 2018}) 7... exd5 8. Nc3 Bg4 9. Bg5 Qd7 $146 ({Predecessor:} 9... f6 10. Bc1 Qd7 11. b4 a6 12. Rb1 O-O 13. a4 Bf5 14. Rb3 Bh3 15. Bxh3 Qxh3 {1-0 (45) Arun Prasad,S (2503)-Checa,N (2362) Rockville 2015}) 10. Bxe7 Bxf3 11. Bxf3 {[#] aiming for Bc5.} Nxe7 12. b4 O-O 13. e3 c6 14. Qb3 a6 15. a4 b5 16. Ra3 Rab8 17. axb5 axb5 18. Rfa1 Nc8 {[%cal Be7c8,Bc8d6,Bd6c4][%mdl 32]} 19. Ne2 Nd6 20. Nf4 Nc4 21. Ra7 $36 {[%mdl 2048] White is more active.} Rb7 22. Rxb7 (22. R7a6 {looks sharper.} Re8 23. Nd3 Rc7 24. Nc5 Qc8 25. Qa2) 22... Qxb7 23. Qa2 Rb8 (23... Qd7 $11) 24. Qa7 $14 Bf8 25. Nd3 Bd6 26. Qxb7 Rxb7 27. Ra6 Rb6 28. Ra7 Bb8 29. Ra8 Kg7 30. Kg2 Bd6 31. h4 Rb8 32. Ra6 Rc8 33. e4 Be7 34. exd5 cxd5 35. Ra7 Kf8 36. Bxd5 Rd8 37. Ra8 (37. Bxc4 {feels hotter.} bxc4 38. Ne5 c3 39. Rc7 f6 40. Nc6) 37... Rxa8 38. Bxa8 $11 {KBN-KBN} Bf6 39. d5 Bc3 40. Bc6 Ne5 41. Nf4 Bxb4 42. Bxb5 Ke7 43. Nd3 {Accuracy: White = 68%, Black = 61%.} 1/2-1/2